| 000 | 01157nam0a2200265 4500 | ||
|---|---|---|---|
| 001 | RU\NLR\bibl\816297 | ||
| 005 | 20260405195046.0 | ||
| 035 | _a(NLR Aleph) 000805321 | ||
| 090 |
_a1207030 _c1207030 |
||
| 100 | _a20050706d2005 |||y0rusy50 ca | ||
| 101 | 0 | _arus | |
| 102 | _aRU | ||
| 105 | _aa ||||||||| | ||
| 200 | 1 |
_aТуберкулез у подростков (клиническая картина, лечение) _eучебное пособие _fМ.В. Павлова |
|
| 210 |
_aСанкт-Петербург _cиздательский дом СПбМАПО _d2005 |
||
| 215 |
_a24 с. _cил. _d20 |
||
| 225 | 1 | _aПоследипломное медицинское образование | |
| 606 | 1 |
_aТуберкулез подростков _jУчебные издания для повышения квалификации _92099109 _3RU\NLR\auth\661269744 |
|
| 686 | _aР733.54я77 | ||
| 700 | 1 |
_4070 _8rus _7ca _aПавлова _bМ. В. _cд-р мед. наук _gМария Васильевна _3RU\NLR\auth\7786752 _969680 |
|
| 801 | 0 |
_aRU _bNLR _c20050706 _grcr |
|
| 801 | 1 |
_aRU _bNLR _c20050706 |
|
| 942 | _cBOOK | ||
| 980 | _aNB | ||